Loading...
| Literature - World Literature | 3 | 3 | 0 | 0 | 75 | 55 | 80.50 | 0 | 4 |
| Literature - British Literature | 3 | 3 | 2 | 0 | 65 | 25 | 76.83 | 3 | 3 |
| Fine Arts - Visual Fine Arts | 3 | 2 | 1 | 0 | 60 | 46 | 72.00 | 2 | 5 |
| History - American History | 3 | 1 | 0 | 0 | 55 | 46 | 71.50 | 0 | 2 |
| Literature - European Literature | 3 | 1 | 1 | 0 | 50 | 34 | 71.50 | 2 | 3 |
| Philosophy | 1 | 3 | 1 | 1 | 40 | 42 | 88.25 | 1 | 2 |
| Mythology | 2 | 1 | 0 | 0 | 40 | 71 | 82.67 | 1 | 3 |
| Fine Arts - Auditory Fine Arts | 0 | 4 | 1 | 0 | 35 | 81 | 88.75 | 2 | 2 |
| Fine Arts - Other Fine Arts | 1 | 2 | 0 | 0 | 35 | 58 | 83.00 | 1 | 2 |
| Literature - American Literature | 1 | 3 | 2 | 0 | 35 | 56 | 83.75 | 1 | 4 |
| Religion | 1 | 1 | 0 | 0 | 25 | 56 | 77.00 | 0 | 1 |
| History - European History | 0 | 2 | 1 | 0 | 15 | 83 | 97.00 | 0 | 0 |
| History - World History | 0 | 1 | 0 | 0 | 10 | 107 | 107.00 | 0 | 1 |
| Social Science | 0 | 2 | 2 | 1 | 10 | 83 | 86.50 | 0 | 2 |
| History - Other History | 0 | 1 | 1 | 0 | 5 | 90 | 90.00 | 0 | 1 |
| Science - Biology | 0 | 0 | 1 | 0 | -5 | 0.00 | 0 | 0 | |
| Science - Other Science | 0 | 0 | 1 | 0 | -5 | 0.00 | 0 | 0 | |
| Science - Chemistry | 0 | 0 | 2 | 0 | -10 | 0.00 | 0 | 0 |